000 00337 a2200121 4500
001 ART_11406
005 20260410161857.0
008 260409a
245 1 0 _aReseña de la Era GATT
100 1 _aGastaldi, Santiago
700 1 _aFerro, Gustavo
773 0 _tRevista de Economía
_g- Nº 76 (ene./mar.1995)
_wREV11077
999 _c25543
_d25543